00271nam a2200109Ia 4500008004100000245004600041260002200087440000600109521002200115942000700137999001700144140130s9999 xx 000 0 und d cValerie WilkinsonaFlies are fascinating  bScholastic,c1994 v1 aGrade 3 - Grade 4 cBK c40815d40815